000 00347nam a2200133Ia 4500
008 240624s9999 xx 000 0 und d
041 _aeng
082 _a346.048 RAO
100 _aRAO A V NARSIMHA
245 _aLAW OF PATENTS CONCEPTS AND CASES
260 _c2005
_aHyderabad
_bICFAI press
300 _aiv, , 199 , 23 : p. : cm.
365 _cRS
_b50
999 _c6598
_d6598